00661nam a2200241 a 4500001001300000003000900013005001700022008004100039020001000080082001300090100001900103245003100122260003200153300000800185500003500193505002800228650002100256700001900277902000800296942000700304952009300311999001500404nice12345678IN_TiNIC20260116011651.0050524s1929 teha grp 000 0 per  ac10000a241bDON aDonaldson, Mrs aDastur-I-Zindagani-I-Masih aTehranbBrukhim Pressc1929 a27p aincludes index and biblioraphy2 aHand Written Manuscript aChristian-Ethics1 aDonaldson, Mrs bSRS cBK 00104070aHMIbHMId2007-06-28g100.00l0o241 DONp5040r2007-06-28w2026-01-16yARB c3259d3259